Video Game Trivia - Statistics

General Stats
  • This quiz has been taken 119 times
  • The average score is 10 of 20
Answer Stats
Question Answer % Correct
If Xbox's signature color is Green, and PlayStation's color is Blue, then Nintendo's is...? Red
100%
Who is the final boss in the original Castlevania? Dracula
93%
What do Cacodemons from Doom look like? Floating demon head with one eye
93%
The 2012 indie game Journey, starts you off in what type of locale? Desert
79%
Which of these is unlikely to improve the performance of a game on a low-end PC? Muting all sound
71%
In Grand Theft Auto: San Andreas, what plane spawns when you enter the cheat code 'JUMPJET'? Hydra
57%
What was a hallmark feature of Hideo Kojima's 2019 adventure game, Death Stranding? Realistic walking mechanics
57%
Which Tom Clancy video game is known primarily as a stealth game franchise? Splinter Cell
57%
The Darksiders series is about the 4 Horsemen of the Apocalypse. Which of them has not had their own solo outing yet (as of 2022)? Strife
57%
What kind of weapon is the Kusarigama from Nioh? A sickle, with a ball and chain
50%
Out of these Smash Bros characters, which one has been in the series since the original N64 release? Ness
50%
Which of the following strategy games had an expansion named 'Brood War'? Starcraft
50%
What does "Tetris Effect" mean? Seeing Tetris blocks in real life
43%
Which of these guns from the Call of Duty: Modern Warfare series was popular in the competitive scene for having low recoil, to the point of being a 'laser beam'? ACR
36%
Of these Dark Souls bosses, who does NOT use a sword? Crossbreed Priscilla
36%
What is the name of the first person puzzle game, where you explore an island and solve line puzzles on various panels? The Witness
36%
Of these tracks featured in the Gran Turismo games, which one is original to the series and NOT a real-life racetrack? Kyoto Driving Park
21%
In the fighting game Tekken, what do the four face buttons (square, triangle, cross, circle on PlayStation) do? Left punch, Right punch, Left kick, Right kick
21%
EA Sports BIG, the label behind the FIFA/NBA/NFL Street series, is also well known for which other sports game franchise? SSX
21%
Who are the 3 Gods that make up the Tribunal from The Elder Scrolls III: Morrowind? Vivec, Almalexia, & Sotha Sil
0%
No matching quizzes found
Score Distribution
Percent of People with Each Score
Percentile by Number Answered
Your Score History
You have not taken this quiz